00313nam a2200121Ia 4500008004100000041000800041082001200049100001500061245003900076260003400115300003100149365001100180240624s9999 xx 000 0 und d aeng a920 GAN aGANDHI M K aMY EARLY LIFE AN ILLUSTRATED STORY c2012aNew DelhibOxford India axii, : 154 : p. : cm. ; 25 cRSb30